|
|
|
|
| LEADER |
00000naa2a2200000 4500 |
| 001 |
126052 |
| 005 |
20231031131716.0 |
| 035 |
|
|
|a (RuTPU)RU\TPU\book\136374
|
| 090 |
|
|
|a 126052
|
| 100 |
|
|
|a 20071123d2007 k y0rusy50 ca
|
| 101 |
0 |
|
|a rus
|
| 102 |
|
|
|a RU
|
| 200 |
1 |
|
|a Комплексы среднедевонских ругоз Салаира
|f Е. А. Ивасенко
|g науч. рук. Н. В. Гумеров
|
| 320 |
|
|
|a Библиогр.: 8 назв.
|
| 461 |
|
0 |
|0 (RuTPU)RU\TPU\book\132777
|t Проблемы геологии и освоения недр
|o труды X Международного симпозиума имени академика М. А. Усова студентов и молодых ученых, посвященного 100-летию первого выпуска сибирских инженеров и 110-летию основания ТПУ; г. Томск, 3-8 апреля 2006 г.
|f Томский политехнический университет (ТПУ); Институт геологии и нефтегазового дела; под ред. В. А. Домаренко
|d 2007
|
| 463 |
|
0 |
|0 (RuTPU)RU\TPU\book\93780
|t Т. 1
|v С. 42-44
|d 2007
|p 294 с.
|
| 610 |
1 |
|
|a Салаир
|
| 610 |
1 |
|
|a ругозы
|
| 610 |
1 |
|
|a стратотипические разрезы
|
| 610 |
1 |
|
|a труды учёных ТПУ
|
| 700 |
|
1 |
|a Ивасенко
|b Е. А.
|
| 702 |
|
1 |
|a Гумеров
|b Н. В.
|4 727
|
| 801 |
|
1 |
|a RU
|b 63413507
|c 20071123
|g PSBO
|
| 801 |
|
2 |
|a RU
|b 63413507
|c 20100412
|g RCR
|
| 942 |
|
|
|c BK
|